000
00232nam a22000857a 4500
008
160928b xxu||||| |||| 00| 0 eng d
100
_9
811
_a
Wilson.R.
245
_a
English with Activity-2
260
_a
New Delhi
_b
S. chand Publications
_c
2011
999
_c
3465
_d
3465